[Event "XII Torneo Leonardo di Bona Nazionale"]
[Site "Cutro ITA"]
[Date "2006.04.25"]
[Round "3"]
[White "Virelli, Salvatore"]
[Black "Calomeni, Gianpaolo"]
[Result "1-0"]
[WhiteElo "1539"]
[BlackElo "1440"]
[PlyCount "61"]
[EventDate "2006.04.23"]

1.e4 e5 2.Nf3 Nc6 3.Bc4 Bc5 4.c3 Nf6 5.d4 exd4 6.cxd4 Bb4+ 7.Bd2 Bxd2+ 8.
Nbxd2 d5 9.exd5 Nxd5 10.Qe2+ Be6 11.O-O Qe7 12.a3 O-O-O 13.Ba6 Nb6 14.Bc4 
Nxd4 15.Bxe6+ fxe6 16.Nxd4 Rxd4 17.Nf3 Rd7 18.Rfe1 Rhd8 19.Qxe6 Qxe6 20.
Rxe6 Nc4 21.b3 Na5 22.b4 Nc6 23.h3 h6 24.Rae1 b5 25.Rxc6 Rd3 26.Re7 Rxa3 
27.Rcxc7+ Kb8 28.Ne5 Ra1+ 29.Kh2 Rh8 30.Nc6+ Ka8 31.Rxa7+ 1-0

[Event "XII Torneo Leonardo di Bona Nazionale"]
[Site "Cutro ITA"]
[Date "2006.04.25"]
[Round "3"]
[White "Zavaglia, Giuseppe"]
[Black "Ielapi, Vito"]
[Result "1/2-1/2"]
[WhiteElo "1808"]
[BlackElo "1953"]
[PlyCount "81"]
[EventDate "2006.04.23"]

1.d4 d5 2.Nf3 Nf6 3.Bg5 e6 4.Nbd2 Be7 5.e3 Nbd7 6.Bd3 h6 7.Bxf6 Nxf6 8.c3 
b6 9.Ne5 Bd7 10.Nxd7 Qxd7 11.Qe2 O-O 12.O-O c5 13.Rfe1 Rad8 14.Rac1 c4 15.
Bc2 b5 16.a3 Rfe8 17.e4 dxe4 18.Nxe4 Qc7 19.Rcd1 g6 20.Qf3 Kg7 21.Nxf6 
Bxf6 22.g3 h5 23.h4 a5 24.Kg2 Qd6 25.Qe4 Re7 26.f4 b4 27.axb4 axb4 28.Qe2 
b3 29.Be4 Rc7 30.Qd2 e5 31.fxe5 Bxe5 32.Qf2 Bf6 33.Bf3 Rcd7 34.Be2 Re8 35.
Bf3 Rxe1 36.Rxe1 Ra7 37.Re2 Ra5 38.Re4 Rf5 39.Qe3 Bd8 40.Re5 Bc7 41.Bd5 
1/2-1/2

[Event "XII Torneo Leonardo di Bona Nazionale"]
[Site "Cutro ITA"]
[Date "2006.04.26"]
[Round "4"]
[White "Cultrera, Salvatore"]
[Black "Fagotto, Roberto"]
[Result "1/2-1/2"]
[WhiteElo "1685"]
[BlackElo "1940"]
[PlyCount "114"]
[EventDate "2006.04.23"]

1.d4 Nf6 2.Nf3 d5 3.c4 c6 4.Nc3 Bf5 5.Nh4 Bg6 6.cxd5 cxd5 7.Qb3 Qd7 8.Nxg6
hxg6 9.g3 Nc6 10.e3 a6 11.Na4 Qc7 12.Nb6 Rd8 13.Bd2 e6 14.Bg2 Nd7 15.Nxd7 
Qxd7 16.Rc1 Rc8 17.Qc2 Na7 18.Qb1 Rxc1+ 19.Qxc1 Be7 20.O-O O-O 21.f4 Rc8 
22.Qb1 f5 23.h4 Nb5 24.Bf3 Kf7 25.Kg2 Nd6 26.Be1 Qc6 27.Bc3 Nb5 28.Be1 
Qc2+ 29.Qxc2 Rxc2+ 30.Rf2 Rc6 31.g4 Bxh4 32.Re2 Bxe1 33.Rxe1 Nd6 34.Re2 b5
35.b3 b4 36.Rb2 Rc3 37.Kf2 a5 38.g5 Rc8 39.Ke2 Nb5 40.Kd2 Rh8 41.Kc1 Nc3 
42.Rf2 Rh3 43.Kb2 Rg3 44.a3 Rg1 45.axb4 axb4 46.Kc2 Ra1 47.Rg2 Re1 48.Kd2 
Rf1 49.Be2 Ra1 50.Bf3 Rf1 51.Be2 Nxe2 52.Rxe2 Ra1 53.Kd3 Rc1 54.Rc2 Rb1 
55.Rc7+ Kf8 56.Kc2 Re1 57.Kd2 Rb1 1/2-1/2

[Event "XII Torneo Leonardo di Bona Nazionale"]
[Site "Cutro ITA"]
[Date "2006.04.26"]
[Round "4"]
[White "De Marco, Francesco"]
[Black "Zavaglia, Giuseppe"]
[Result "0-1"]
[WhiteElo "1881"]
[BlackElo "1808"]
[PlyCount "136"]
[EventDate "2006.04.23"]

1.e4 c5 2.Nf3 d6 3.d4 cxd4 4.Nxd4 Nf6 5.Nc3 a6 6.Be2 e6 7.O-O Nbd7 8.f4 
Qc7 9.Kh1 b5 10.Bf3 Bb7 11.a3 Be7 12.Qe1 O-O 13.Qg3 Kh8 14.Bd2 Nc5 15.Rfe1
Nfd7 16.Rac1 Bf6 17.e5 dxe5 18.Bxb7 Nxb7 19.f5 Qc4 20.fxe6 exd4 21.Ne4 Be5
22.Qh4 Qxe6 23.Ng5 Qg6 24.c3 dxc3 25.Bxc3 Bxc3 26.Rxc3 Rac8 27.Rf3 Nf6 28.
h3 Rc4 29.Qg3 h6 30.Re7 Qxg5 31.Qxg5 hxg5 32.Rxb7 Rc1+ 33.Kh2 Rc2 34.Rb6 
Ra8 35.b4 Kg8 36.Rg3 Ne4 37.Re3 f5 38.Rf3 f4 39.Re6 Ng3 40.h4 Rc1 41.Kh3 
Kf7 42.Rb6 Rh1+ 43.Kg4 Rxh4+ 44.Kxg5 Rah8 45.Rxf4+ Rxf4 46.Kxf4 Nh5+ 47.
Kg5 Nf6 48.Rxa6 Rd8 49.Ra5 Rd5+ 50.Kf4 g5+ 51.Ke3 Ke6 52.Ra6+ Kf5 53.Ra5 
Kg4 54.Ra6 Nh5 55.Ra5 Nf4 56.Ke4 Kg3 57.Ra6 Kxg2 58.Rc6 Kg3 59.Rc5 Rxc5 
60.bxc5 Ne6 61.Kd5 Nxc5 62.Kxc5 Kf3 63.Kxb5 g4 64.a4 g3 65.a5 g2 66.a6 
g1=Q 67.Kc6 Qg6+ 68.Kb7 Qe4+ 0-1

[Event "XII Torneo Leonardo di Bona Nazionale"]
[Site "Cutro ITA"]
[Date "2006.04.26"]
[Round "4"]
[White "Frontera, Giuseppe"]
[Black "Rizzuti, Pasquale"]
[Result "1-0"]
[WhiteElo "1883"]
[BlackElo "1847"]
[PlyCount "139"]
[EventDate "2006.04.23"]

1.e4 c5 2.Nf3 d6 3.d4 cxd4 4.Nxd4 Nf6 5.Nc3 a6 6.f3 Nc6 7.Be3 e5 8.Nb3 Be7
9.Qd2 Be6 10.O-O-O O-O 11.g4 Rc8 12.h4 Bxb3 13.axb3 Nb4 14.Kb1 Qa5 15.Bd3 
Rc6 16.Qe1 Rfc8 17.Bd2 d5 18.g5 d4 19.gxf6 dxc3 20.Bxc3 Qa2+ 21.Kc1 Nxd3+ 
22.Rxd3 Bxf6 23.Kd2 b5 24.Qa1 Qxa1 25.Rxa1 Bxh4 26.b4 Bg5+ 27.Ke2 Bf4 28.
Rd7 Rh6 29.Rf1 Rh2+ 30.Rf2 h5 31.Rxh2 Bxh2 32.Rd6 Ra8 33.Be1 Bf4 34.b3 g5 
35.c4 h4 36.c5 Kg7 37.c6 Rc8 38.Bf2 h3 39.Kf1 h2 40.Kg2 f5 41.Bb6 Rh8 42.
Rd1 fxe4 43.fxe4 g4 44.c7 g3 45.Bc5 Kf7 46.Rd7+ Ke6 47.Rh7 Rg8 48.Re7+ Kf6
49.Rh7 Kg6 50.Rd7 Rh8 51.Rd1 Kg5 52.Be7+ Kg4 53.Bd8 h1=Q+ 54.Rxh1 Rxh1 55.
c8=Q+ Kh5 56.Kxh1 a5 57.bxa5 b4 58.a6 Be3 59.Qh3+ Kg6 60.Qxg3+ Kh5 61.Qxe3
Kg4 62.Qc5 Kh3 63.Qxb4 Kg3 64.a7 Kh3 65.a8=Q Kg3 66.Bh4+ Kh3 67.Bf6 Kg4 
68.Bxe5 Kf3 69.Qaf8+ Kg4 70.Qbe7 1-0

[Event "XII Torneo Leonardo di Bona Nazionale"]
[Site "Cutro ITA"]
[Date "2006.04.26"]
[Round "4"]
[White "Ielapi, Vito"]
[Black "Olivo, Paolo"]
[Result "1-0"]
[WhiteElo "1953"]
[BlackElo "1628"]
[PlyCount "85"]
[EventDate "2006.04.23"]

1.e4 c6 2.d4 d5 3.Nc3 dxe4 4.Nxe4 Nf6 5.Ng3 Nbd7 6.Nf3 Nb6 7.Be2 Bg4 8.O-O
e6 9.h3 Bxf3 10.Bxf3 Bd6 11.Re1 O-O 12.Ne4 Nxe4 13.Bxe4 Nd5 14.c4 Nf6 15.
Bf3 h6 16.b3 Qc7 17.Bb2 Rad8 18.Qc2 Be7 19.Rad1 Rfe8 20.Re2 Rd7 21.Red2 
Red8 22.g3 Qb6 23.Rd3 Qc7 24.Qe2 Qa5 25.Bc3 Bb4 26.Ba1 Be7 27.Kg2 Qb6 28.
h4 a6 29.Bb2 a5 30.Bc1 a4 31.Be3 Qb4 32.Bd2 Qb6 33.Qe1 axb3 34.Ba5 Qa6 35.
Bxd8 Bxd8 36.axb3 Qb6 37.Qc3 Be7 38.Qa1 Rd8 39.Qa4 Ne8 40.d5 cxd5 41.cxd5 
exd5 42.Rxd5 Rxd5 43.Qxe8+ 1-0

[Event "XII Torneo Leonardo di Bona Nazionale"]
[Site "Cutro ITA"]
[Date "2006.04.26"]
[Round "4"]
[White "Levato, Biagio"]
[Black "Piccoli, Vincenzo"]
[Result "1-0"]
[WhiteElo "1510"]
[BlackElo "1667"]
[PlyCount "81"]
[EventDate "2006.04.23"]

1.Nf3 Nf6 2.g3 g6 3.Bg2 Bg7 4.O-O O-O 5.d3 d5 6.Nbd2 c5 7.e4 dxe4 8.dxe4 
e6 9.Re1 Qc7 10.c3 Rd8 11.Qc2 Nc6 12.a4 b6 13.Nc4 Ba6 14.Bf4 Qe7 15.Bf1 
Nh5 16.Bd2 Bb7 17.Rab1 Nf6 18.Bg2 Ne8 19.e5 Qc7 20.Bf4 Ne7 21.Nd6 Ba6 22.
Ng5 Nd5 23.Ndxf7 Nxf4 24.gxf4 Bd3 25.Qb3 c4 26.Qa2 Bxb1 27.Qxb1 Qe7 28.
Bxa8 Rxa8 29.Qe4 Rc8 30.Nd6 Nxd6 31.exd6 Qxd6 32.Qxe6+ Qxe6 33.Rxe6 h6 34.
Nf3 Kf7 35.Rd6 Rc7 36.h4 Bf8 37.Ne5+ Ke8 38.Rxg6 Rg7 39.h5 Rxg6+ 40.hxg6 
a6 41.Nxc4 1-0

[Event "XII Torneo Leonardo di Bona Nazionale"]
[Site "Cutro ITA"]
[Date "2006.04.26"]
[Round "4"]
[White "Macri', Pasquale"]
[Black "Ielapi, Gianbattista"]
[Result "1-0"]
[WhiteElo "1374"]
[BlackElo "1629"]
[PlyCount "39"]
[EventDate "2006.04.23"]

1.e4 c5 2.Nf3 e6 3.d4 cxd4 4.Nxd4 Nf6 5.Nc3 Bb4 6.Bd2 Bxc3 7.Bxc3 Nxe4 8.
Qg4 Ng5 9.h4 h5 10.Qxg5 Qxg5 11.hxg5 Nc6 12.Nxc6 dxc6 13.Bxg7 Rg8 14.Bf6 
Bd7 15.Rxh5 c5 16.Rh8 Rxh8 17.Bxh8 Rd8 18.O-O-O a6 19.Be2 Rc8 20.Rh1 1-0

[Event "XII Torneo Leonardo di Bona Nazionale"]
[Site "Cutro ITA"]
[Date "2006.04.26"]
[Round "4"]
[White "Meli, Massimo"]
[Black "Luvera', Filippo"]
[Result "0-1"]
[WhiteElo "1878"]
[BlackElo "1832"]
[PlyCount "78"]
[EventDate "2006.04.23"]

1.Nf3 Nf6 2.d3 d5 3.g3 g6 4.Bg2 Bg7 5.Nbd2 c6 6.Nb3 O-O 7.O-O a5 8.a4 Nbd7
9.Nh4 e5 10.e4 dxe4 11.dxe4 Qe7 12.Be3 Rd8 13.Qe2 b6 14.Rfd1 Ba6 15.Qe1 
Bc4 16.Qc3 Bxb3 17.cxb3 Nc5 18.Qc4 Ng4 19.b4 Nxe3 20.fxe3 axb4 21.Qxb4 
Rxd1+ 22.Rxd1 Rd8 23.Ra1 Qg5 24.Qxb6 Qxe3+ 25.Kh1 Rd3 26.Qb8+ Bf8 27.Qxe5 
Nb3 28.Rg1 Bc5 29.Qe8+ Kg7 30.Rf1 f6 31.Qxc6 Rd6 32.Qb7+ Kh6 33.e5 Nd2 34.
Nf3 Rb6 35.Qd7 Nxf1 36.exf6 Rxf6 37.Qh3+ Kg7 38.Qd7+ Rf7 39.Qd1 Rxf3 0-1

[Event "XII Torneo Leonardo di Bona Nazionale"]
[Site "Cutro ITA"]
[Date "2006.04.26"]
[Round "4"]
[White "Olivo, Gaetano"]
[Black "De Rasis, Giovanni"]
[Result "0-1"]
[WhiteElo "1637"]
[BlackElo "1476"]
[PlyCount "118"]
[EventDate "2006.04.23"]

1.e4 c6 2.Nc3 d5 3.exd5 cxd5 4.d4 Nf6 5.h3 Nc6 6.Bf4 a6 7.Nf3 Bd7 8.Ne5 e6
9.a3 Be7 10.Be2 Rc8 11.O-O Qb6 12.Nxc6 Rxc6 13.Na4 Qa7 14.Nc3 Rb6 15.b3 
Bd6 16.Bxd6 Rxd6 17.Bf3 O-O 18.Ne2 Rc6 19.c4 Rc7 20.c5 Bc6 21.a4 Ne4 22.
Bxe4 dxe4 23.Ng3 Rd7 24.b4 Qb8 25.Qd2 Qd8 26.Ne2 e5 27.Rfe1 exd4 28.Ng3 f5
29.Qf4 Qf6 30.Nh5 Qf7 31.Ng3 Qd5 32.Reb1 Rdd8 33.b5 axb5 34.axb5 Be8 35.
Qc7 d3 36.Nf1 f4 37.Ra7 Rf7 38.Qb6 Rf6 39.Qc7 Rf7 40.Qb6 d2 41.Nxd2 Qxd2 
42.c6 bxc6 43.Rxf7 Bxf7 44.bxc6 e3 45.fxe3 Qxe3+ 46.Qxe3 fxe3 47.c7 Rc8 
48.Rb8 Be6 49.Rxc8+ Bxc8 50.Kf1 Ba6+ 51.Ke1 Kf7 52.h4 Ke6 53.c8=Q+ Bxc8 
54.Ke2 Bb7 55.g3 h5 56.Kxe3 Ke5 57.Kf2 Kf5 58.Kg1 Kg4 59.Kh2 Bc6 0-1

[Event "XII Torneo Leonardo di Bona Nazionale"]
[Site "Cutro ITA"]
[Date "2006.04.26"]
[Round "4"]
[White "Olivo, Ilaria"]
[Black "Virelli, Salvatore"]
[Result "0-1"]
[WhiteElo "1392"]
[BlackElo "1539"]
[PlyCount "114"]
[EventDate "2006.04.23"]

1.e4 c5 2.Nf3 d6 3.d4 cxd4 4.Nxd4 Nf6 5.Nc3 e6 6.Be2 Be7 7.Be3 a6 8.Qd2 
O-O 9.O-O-O Nc6 10.f4 e5 11.fxe5 Nxe5 12.Rhf1 b5 13.a3 Qa5 14.Nd5 Qxd2+ 
15.Rxd2 Nxd5 16.exd5 Bb7 17.Nf3 Ng4 18.Bf4 Nf6 19.Bg5 Rfe8 20.Bxf6 Bxf6 
21.Kb1 Re7 22.c4 Rae8 23.Rf2 bxc4 24.Bxc4 Re4 25.Bb3 Re3 26.Ba4 Rc8 27.Rc2
Rxc2 28.Bxc2 g6 29.Rd2 g5 30.h3 Bc8 31.Rd3 Re8 32.Rb3 Kg7 33.Rb6 g4 34.
hxg4 Bxg4 35.Rxd6 Re2 36.Nh2 Be5 37.Nxg4 Bxd6 38.Bd1 Rxg2 39.Ne3 Rf2 40.
Bc2 h5 41.Nf5+ Rxf5 42.Bxf5 Kf6 43.Bh3 Ke5 44.Bg2 f5 45.Kc1 h4 46.Kd2 Kd4 
47.Bh3 f4 48.Bg2 Kc4 49.Kc2 a5 50.b3+ Kd4 51.a4 Bb4 52.Bf1 Ke3 53.Bg2 f3 
54.Bh3 Ke2 55.Bg4 Kf2 56.Kd1 Kg3 57.Bf5 h3 0-1

[Event "XII Torneo Leonardo di Bona Nazionale"]
[Site "Cutro ITA"]
[Date "2006.04.26"]
[Round "4"]
[White "Paragliola, Gennaro"]
[Black "Catapano, Francesco"]
[Result "1/2-1/2"]
[WhiteElo "1529"]
[BlackElo "1784"]
[PlyCount "75"]
[EventDate "2006.04.23"]

1.d4 Nf6 2.c4 e6 3.Nc3 c5 4.e3 a6 5.Nf3 Qc7 6.Bd3 g6 7.O-O Bg7 8.b3 cxd4 
9.exd4 O-O 10.h3 b6 11.Be3 Bb7 12.Be2 d6 13.Qd2 Re8 14.Rfe1 Nbd7 15.Rac1 
Rac8 16.Bh6 Bh8 17.Nh2 e5 18.d5 Nc5 19.Bg4 Nxg4 20.Nxg4 f5 21.Nh2 e4 22.
Re3 Nd3 23.Rf1 b5 24.f3 Bd4 25.fxe4 bxc4 26.Nf3 Bxe3+ 27.Bxe3 fxe4 28.Ng5 
cxb3 29.Bd4 Rf8 30.Rxf8+ Rxf8 31.Ne6 Qf7 32.Nxf8 bxa2 33.Qxa2 Kxf8 34.Nxe4
Bxd5 35.Qxa6 Bxe4 36.Qxd6+ Kg8 37.Qb8+ Qf8 38.Qb3+ 1/2-1/2

[Event "XII Torneo Leonardo di Bona Nazionale"]
[Site "Cutro ITA"]
[Date "2006.04.26"]
[Round "4"]
[White "Policastrese, Salvatore"]
[Black "Camposano, Antonio"]
[Result "0-1"]
[WhiteElo "1440"]
[BlackElo "1389"]
[PlyCount "46"]
[EventDate "2006.04.23"]

1.e4 e5 2.Nf3 d6 3.Bc4 Bg4 4.h3 Bxf3 5.Qxf3 Nf6 6.Nc3 Be7 7.d3 O-O 8.Qg3 
Nh5 9.Qg4 Nf6 10.Qg3 Nh5 11.Qf3 Nf4 12.Bxf4 exf4 13.Qxf4 Bg5 14.Qf3 Qf6 
15.Qxf6 Bxf6 16.Nd5 Na6 17.Nxf6+ gxf6 18.Bxa6 bxa6 19.O-O Rfe8 20.Rfe1 Re5
21.d4 Rg5 22.g4 h5 23.f3 Re8 0-1

[Event "XII Torneo Leonardo di Bona Nazionale"]
[Site "Cutro ITA"]
[Date "2006.04.26"]
[Round "4"]
[White "Salvo, Vincenzo"]
[Black "Alo', Lucio"]
[Result "0-1"]
[WhiteElo "1721"]
[BlackElo "1628"]
[PlyCount "130"]
[EventDate "2006.04.23"]

1.e4 e5 2.Nf3 Nc6 3.Bc4 Be7 4.O-O d6 5.h3 Na5 6.Bd3 a6 7.c3 b5 8.Bc2 Bb7 
9.d4 exd4 10.cxd4 Nf6 11.Re1 O-O 12.Bd2 Nc6 13.Bc3 b4 14.Bd2 a5 15.Be3 Nb8
16.Nbd2 Nbd7 17.Bd3 Re8 18.Rc1 Ba6 19.Nc4 Bxc4 20.Bxc4 Bf8 21.Bg5 Qb8 22.
Bd3 h6 23.Bf4 Qd8 24.Qc2 c5 25.e5 Nd5 26.Bg3 dxe5 27.dxe5 Qb6 28.Red1 Qe6 
29.Bf5 Qc6 30.Qd3 N7b6 31.Nd4 Qb7 32.Nf3 Red8 33.Qe4 Qa7 34.Re1 Re8 35.Qg4
Ne7 36.Be4 Rac8 37.e6 Ned5 38.Bf5 Nf6 39.Qf4 Rcd8 40.Qe3 fxe6 41.Bxe6+ Kh8
42.Qe2 Nbd5 43.Qc2 Nc7 44.Qc4 Rxe6 45.Rxe6 Nxe6 46.Qxe6 Re8 47.Qf5 Nd7 48.
Rd1 Nf6 49.Ne5 Kg8 50.Bh4 Qa6 51.Nd7 Nxd7 52.Rxd7 Qe6 53.Qxe6+ Rxe6 54.Kf1
Ra6 55.Ke2 a4 56.Rd8 Kf7 57.Kd3 a3 58.b3 Rd6+ 59.Kc4 Re6 60.Rd2 Re4+ 61.
Kd3 Rxh4 62.Ke2 Re4+ 63.Kf1 g5 64.g3 Ke6 65.Rd8 Bg7 0-1

[Event "XII Torneo Leonardo di Bona Nazionale"]
[Site "Cutro ITA"]
[Date "2006.04.26"]
[Round "4"]
[White "Soluri, Francesco"]
[Black "Mercurio, Rosario"]
[Result "1/2-1/2"]
[WhiteElo "1473"]
[BlackElo "1333"]
[PlyCount "59"]
[EventDate "2006.04.23"]

1.c4 d5 2.cxd5 Nf6 3.Nc3 Nxd5 4.Nf3 Nc6 5.d3 e6 6.g3 Bb4 7.Bd2 Nxc3 8.bxc3
Ba3 9.Qb3 Be7 10.Bg2 b6 11.O-O O-O 12.d4 Rb8 13.e3 a5 14.a4 Ba6 15.Rfe1 
Na7 16.Qc2 Bc4 17.Ne5 Bd5 18.e4 Nc6 19.exd5 Nxe5 20.Rxe5 Bd6 21.Rh5 g6 22.
Rh3 Re8 23.dxe6 Rxe6 24.d5 Re5 25.Bf4 Re7 26.Bg5 Re1+ 27.Rxe1 Qxg5 28.c4 
Bc5 29.Re8+ Rxe8 30.Bf1 1/2-1/2

[Event "XII Torneo Leonardo di Bona Nazionale"]
[Site "Cutro ITA"]
[Date "2006.04.27"]
[Round "5"]
[White "Alo', Lucio"]
[Black "Zavaglia, Giuseppe"]
[Result "0-1"]
[WhiteElo "1628"]
[BlackElo "1808"]
[PlyCount "74"]
[EventDate "2006.04.23"]

1.Nf3 Nf6 2.d4 e6 3.Bd2 b6 4.e3 Bb7 5.c4 Be7 6.Be2 O-O 7.O-O d6 8.Nc3 Nbd7
9.Qc2 c5 10.Rad1 cxd4 11.exd4 Rc8 12.b3 Re8 13.h3 a6 14.Bf4 Nh5 15.Bh2 g6 
16.Nd2 Ndf6 17.Nde4 Nxe4 18.Nxe4 Ng7 19.Qd3 Qd7 20.Qe3 Nf5 21.Qf4 d5 22.
Nc3 Bd6 23.Qg4 Bxh2+ 24.Kxh2 Qd6+ 25.g3 Qb4 26.Nb1 dxc4 27.bxc4 Red8 28.h4
h5 29.Qg5 Nxd4 30.Bxh5 Qxc4 31.Kh3 Rd5 32.Qf6 gxh5 33.Nd2 Qe2 34.Rfe1 Qg4+
35.Kh2 Rf5 36.Qe7 Rxf2+ 37.Kg1 Qxg3# 0-1

[Event "XII Torneo Leonardo di Bona Nazionale"]
[Site "Cutro ITA"]
[Date "2006.04.27"]
[Round "5"]
[White "Catapano, Francesco"]
[Black "Spagnolo, Vincenzo"]
[Result "1-0"]
[WhiteElo "1784"]
[BlackElo "1401"]
[PlyCount "79"]
[EventDate "2006.04.23"]

1.e4 e5 2.f4 Nc6 3.Nf3 d6 4.Bc4 h6 5.O-O f5 6.d3 Be7 7.Nc3 Nf6 8.Nd5 fxe4 
9.Nxf6+ Bxf6 10.dxe4 Rg8 11.Bxg8 b6 12.Qd5 Qd7 13.f5 Rb8 14.Be6 Ne7 15.
Bxd7+ Bxd7 16.Qc4 Bc6 17.Be3 d5 18.exd5 Bxd5 19.Qa4+ Nc6 20.c4 Be4 21.Nd2 
Bd3 22.Qxc6+ Kd8 23.Qd5+ Ke7 24.Qxd3 Rd8 25.Qxd8+ Kxd8 26.Ne4 Be7 27.f6 
gxf6 28.Nxf6 c5 29.Rad1+ Kc7 30.Nd5+ Kd8 31.Nxe7+ Kxe7 32.Bxh6 Ke6 33.Rd5 
Ke7 34.Re1 Kf6 35.Rexe5 Kg6 36.Rd8 Kf6 37.Re3 Kf5 38.Rf8+ Kg4 39.Re5 b5 
40.Rf4# 1-0

[Event "XII Torneo Leonardo di Bona Nazionale"]
[Site "Cutro ITA"]
[Date "2006.04.27"]
[Round "5"]
[White "Cultrera, Salvatore"]
[Black "Macri', Pasquale"]
[Result "0-1"]
[WhiteElo "1685"]
[BlackElo "1374"]
[PlyCount "110"]
[EventDate "2006.04.23"]

1.d4 d5 2.Nf3 Bg4 3.Ne5 Bf5 4.Nd2 g6 5.c3 Bg7 6.Ndf3 Nd7 7.Nd3 Bxd3 8.Qxd3
e5 9.dxe5 Nxe5 10.Nxe5 Bxe5 11.Qb5+ Ke7 12.Qxb7 Nf6 13.Qb4+ Qd6 14.Qxd6+ 
Bxd6 15.g3 d4 16.cxd4 Bb4+ 17.Bd2 Bxd2+ 18.Kxd2 Ne4+ 19.Ke3 Nd6 20.Rc1 
Rhe8 21.Kd3 Kd8 22.Bg2 Rb8 23.Rc2 f5 24.e3 Re7 25.h4 Nf7 26.f3 Rd7 27.Ke2 
Rd5 28.Rd1 Ra5 29.b3 Rc8 30.e4 fxe4 31.fxe4 Ke7 32.Bh3 Re8 33.e5 Kf8 34.a4
g5 35.Rxc7 h5 36.hxg5 Nxg5 37.Rf1+ Kg8 38.Bf5 Ra6 39.Rc8 Rxc8 40.Bxc8 Rb6 
41.Rf5 Ne4 42.Kd3 Nxg3 43.Be6+ Rxe6 44.Rg5+ Kf7 45.Rxg3 Rb6 46.Rh3 Rxb3+ 
47.Kc4 Rxh3 48.Kd5 Ke7 49.Ke4 Ra3 50.Kf5 h4 51.d5 h3 52.d6+ Kd7 53.Kf6 
Rf3+ 54.Kg5 h2 55.Kg4 h1=Q 0-1

[Event "XII Torneo Leonardo di Bona Nazionale"]
[Site "Cutro ITA"]
[Date "2006.04.27"]
[Round "5"]
[White "De Rasis, Giovanni"]
[Black "De Marco, Francesco"]
[Result "0-1"]
[WhiteElo "1476"]
[BlackElo "1881"]
[PlyCount "42"]
[EventDate "2006.04.23"]

1.d4 Nf6 2.c4 e6 3.Nc3 d5 4.Bg5 Be7 5.Nf3 c6 6.Qc2 h6 7.Bxf6 Bxf6 8.e4 
dxe4 9.Qxe4 Qa5 10.Bd3 Na6 11.Rd1 Qb6 12.O-O Qxb2 13.Nd5 cxd5 14.cxd5 Qxa2
15.Rfe1 Kf8 16.d6 Qd5 17.Qxd5 exd5 18.Bb5 Be6 19.Ra1 g6 20.Rxe6 fxe6 21.d7
Ke7 0-1

[Event "XII Torneo Leonardo di Bona Nazionale"]
[Site "Cutro ITA"]
[Date "2006.04.27"]
[Round "5"]
[White "Fagotto, Roberto"]
[Black "Ielapi, Vito"]
[Result "1/2-1/2"]
[WhiteElo "1940"]
[BlackElo "1953"]
[PlyCount "136"]
[EventDate "2006.04.23"]

1.e4 d5 2.exd5 Qxd5 3.Nc3 Qd6 4.d4 Nf6 5.Bc4 a6 6.Bb3 Bg4 7.f3 Bh5 8.Nge2 
e6 9.Bf4 Qd8 10.O-O Nbd7 11.Ng3 Be7 12.Qe2 c6 13.Nce4 Nxe4 14.Nxe4 O-O 15.
c3 Bg6 16.Rfe1 a5 17.a4 e5 18.Be3 Kh8 19.dxe5 Bxe4 20.fxe4 Nxe5 21.Rad1 
Qc7 22.Kh1 Rad8 23.Bc2 c5 24.c4 b6 25.Rd5 Rxd5 26.exd5 Bd6 27.Qh5 g6 28.
Qe2 Kg7 29.b3 f6 30.h3 Rf7 31.Qd2 Kf8 32.Bh6+ Ke8 33.Be3 Kd8 34.Qf2 Nd7 
35.Re2 Be5 36.Be4 Qd6 37.Bf3 Kc7 38.Bc1 Bg3 39.Qe3 Be5 40.Qd2 Qe7 41.Bb2 
Kd6 42.Bxe5+ Nxe5 43.Qf4 f5 44.Qg3 Qf6 45.Rd2 h5 46.Qf2 Rh7 47.Bd1 g5 48.
Kg1 g4 49.hxg4 hxg4 50.Bc2 Rf7 51.Qf4 g3 52.Qxg3 f4 53.Qh3 Kc7 54.Be4 f3 
55.Rf2 Rf8 56.gxf3 Rh8 57.Qg3 Kd8 58.Rg2 Nxf3+ 59.Qxf3 Qa1+ 60.Qf1 Rh1+ 
61.Kxh1 Qxf1+ 62.Kh2 Qf4+ 63.Rg3 Qxe4 64.Kh3 Qf5+ 65.Rg4 Qf3+ 66.Rg3 Qf5+ 
67.Kg2 Qe4+ 68.Kf2 Kd7 1/2-1/2

[Event "XII Torneo Leonardo di Bona Nazionale"]
[Site "Cutro ITA"]
[Date "2006.04.27"]
[Round "5"]
[White "Luvera', Filippo"]
[Black "Frontera, Giuseppe"]
[Result "0-1"]
[WhiteElo "1832"]
[BlackElo "1883"]
[PlyCount "148"]
[EventDate "2006.04.23"]

1.e4 c5 2.c3 d6 3.d4 cxd4 4.cxd4 Nf6 5.Nc3 Nc6 6.Nf3 e6 7.Bc4 a6 8.a4 Qc7 
9.Qe2 Be7 10.O-O O-O 11.Bg5 h6 12.Be3 Ng4 13.Bf4 Nf6 14.Rac1 Qb6 15.d5 Na5
16.Be3 Qb4 17.Bd3 Nb3 18.Rc2 e5 19.Nd1 Qxa4 20.Rc4 Qe8 21.Bb6 Bd8 22.Bxd8 
Qxd8 23.Qc2 Nc5 24.Ne3 Nxd3 25.Qxd3 Bd7 26.Rc3 Bb5 27.Nc4 Rc8 28.Rfc1 Qe7 
29.Nh4 g6 30.Qe3 Kh7 31.g3 Bxc4 32.Rxc4 Rxc4 33.Rxc4 Rd8 34.f3 Rd7 35.Qc3 
Ne8 36.Rc8 Rd8 37.Rc4 Rd7 38.Rc8 Rd8 39.Rc4 Kg8 40.Qe3 Kg7 41.Qc3 Kf8 42.
Qe3 Qg5 43.Qc3 Rd7 44.Rc8 Qe7 45.f4 Rc7 46.Rxc7 Qxc7 47.fxe5 Qxc3 48.bxc3 
dxe5 49.Kf2 Ke7 50.Ke3 Kd6 51.Kd3 Kc5 52.Nf3 f6 53.Nh4 g5 54.Nf5 h5 55.h4 
a5 56.c4 b6 57.Kc3 b5 58.cxb5 Kxb5 59.Kb3 Kc5 60.Ka4 Nd6 61.Nxd6 Kxd6 62.
Kxa5 gxh4 63.gxh4 f5 64.exf5 Kxd5 65.Kb4 e4 66.f6 Ke6 67.f7 Kxf7 68.Kc4 
Kf6 69.Kd4 Kf5 70.Ke3 Ke5 71.Ke2 Kf4 72.Kf2 Kg4 73.Ke3 Kxh4 74.Kxe4 Kg3 
0-1

[Event "XII Torneo Leonardo di Bona Nazionale"]
[Site "Cutro ITA"]
[Date "2006.04.27"]
[Round "5"]
[White "Mercurio, Rosario"]
[Black "Policastrese, Salvatore"]
[Result "1-0"]
[WhiteElo "1333"]
[BlackElo "1440"]
[PlyCount "113"]
[EventDate "2006.04.23"]

1.Nf3 Nf6 2.g3 d5 3.d3 c5 4.Nbd2 Nc6 5.c4 d4 6.Bg2 Bg4 7.h3 Bd7 8.O-O Qc8 
9.Kh2 h6 10.Re1 g5 11.h4 Ng4+ 12.Kg1 gxh4 13.Nxh4 Nf6 14.Kh2 e5 15.Ne4 Be7
16.Nxf6+ Bxf6 17.Nf3 h5 18.Bg5 Bxg5 19.Nxg5 Ne7 20.Bh3 Bxh3 21.Nxh3 h4 22.
Qa4+ Nc6 23.Rh1 hxg3+ 24.Kxg3 Rg8+ 25.Kh2 f5 26.Rag1 Rh8 27.Kg2 f4 28.Kf1 
Qd7 29.Ng5 O-O-O 30.Ne4 Qe7 31.Qb5 Nb4 32.Qa4 Nc6 33.a3 Rxh1 34.Rxh1 Rf8 
35.f3 Qg7 36.Qb5 Rg8 37.Nd6+ Kd8 38.Nxb7+ Ke7 39.Qxc5+ Kf7 40.Nd6+ Kf6 41.
Qxc6 Qg2+ 42.Ke1 Qxh1+ 43.Kd2 Qh3 44.Ne4+ Ke7 45.Qf6+ Ke8 46.Qxe5+ Kd8 47.
Qxd4+ Ke8 48.Qxa7 Rg2 49.Qb8+ Ke7 50.Qxf4 Rg1 51.Qe3 Rb1 52.Nf2+ Qe6 53.
Qxe6+ Kxe6 54.Nd1 Ra1 55.c5 Kd5 56.f4 Kxc5 57.e4 1-0

[Event "XII Torneo Leonardo di Bona Nazionale"]
[Site "Cutro ITA"]
[Date "2006.04.27"]
[Round "5"]
[White "Olivo, Paolo"]
[Black "Camposano, Antonio"]
[Result "1-0"]
[WhiteElo "1628"]
[BlackElo "1389"]
[PlyCount "73"]
[EventDate "2006.04.23"]

1.d4 d5 2.c4 Nf6 3.Nc3 e6 4.Bg5 Be7 5.Nf3 O-O 6.e3 Ne4 7.Nxe4 dxe4 8.Bxe7 
Qxe7 9.Nd2 b6 10.Be2 Bb7 11.Qc2 Qh4 12.g3 Qh3 13.Bf1 Qf5 14.Bg2 Na6 15.a3 
Rad8 16.Nxe4 c5 17.Rd1 e5 18.d5 b5 19.b3 Nc7 20.O-O Ne8 21.Qc3 Nf6 22.Nxc5
Ng4 23.Nxb7 Rd7 24.Nc5 Rd6 25.f3 Nxh2 26.Kxh2 Qh5+ 27.Kg1 Rh6 28.Kf2 Re8 
29.Rh1 Qg6 30.Rxh6 Qxh6 31.d6 Qf6 32.d7 Rf8 33.Nb7 Qb6 34.d8=Q Qxb7 35.
Qxe5 h6 36.Qxf8+ Kxf8 37.Rd8# 1-0

[Event "XII Torneo Leonardo di Bona Nazionale"]
[Site "Cutro ITA"]
[Date "2006.04.27"]
[Round "5"]
[White "Paragliola, Gennaro"]
[Black "Meli, Massimo"]
[Result "0-1"]
[WhiteElo "1529"]
[BlackElo "1878"]
[PlyCount "64"]
[EventDate "2006.04.23"]

1.d4 Nf6 2.c4 e6 3.Nc3 d5 4.Bg5 c6 5.cxd5 exd5 6.Nf3 h6 7.Bh4 Bf5 8.e3 
Nbd7 9.Bd3 Bxd3 10.Qxd3 Be7 11.O-O O-O 12.Rac1 Ne8 13.Bxe7 Qxe7 14.Ne2 Nd6
15.Ng3 a5 16.a3 f5 17.Rfe1 Qf7 18.Re2 Ne4 19.Qb3 Rfb8 20.Nh4 g6 21.Nxe4 
fxe4 22.g3 g5 23.Ng2 Qf3 24.Rcc2 Nf6 25.h4 Qf5 26.hxg5 hxg5 27.Re1 Qh3 28.
Rcc1 Ng4 29.Qd1 Rf8 30.Rc2 Rf3 31.Kf1 Qh1+ 32.Ke2 Rxf2# 0-1

[Event "XII Torneo Leonardo di Bona Nazionale"]
[Site "Cutro ITA"]
[Date "2006.04.27"]
[Round "5"]
[White "Piccoli, Vincenzo"]
[Black "Soluri, Francesco"]
[Result "1-0"]
[WhiteElo "1667"]
[BlackElo "1473"]
[PlyCount "73"]
[EventDate "2006.04.23"]

1.d4 Nf6 2.c4 d5 3.cxd5 Nxd5 4.e4 Nb6 5.Nc3 e6 6.Nf3 Bb4 7.Be2 c6 8.O-O 
O-O 9.Qb3 Be7 10.Bf4 N8d7 11.Rfd1 Nf6 12.Rac1 Nh5 13.Bg3 Nxg3 14.hxg3 Bg5 
15.Nxg5 Qxg5 16.e5 Nd5 17.Ne4 Qe7 18.a4 Rb8 19.Nd6 f6 20.Bc4 fxe5 21.dxe5 
Qg5 22.f4 Qe7 23.Bd3 Kh8 24.Rxc6 Ne3 25.Rd2 Bd7 26.Rc7 Nd5 27.Rxb7 Rxb7 
28.Qxb7 h5 29.f5 Ne3 30.Qxa7 Nxf5 31.Bxf5 exf5 32.Nxf5 Rxf5 33.Qxd7 Qc5+ 
34.Qd4 Qc1+ 35.Rd1 Qg5 36.Qd8+ Qxd8 37.Rxd8+ 1-0

[Event "XII Torneo Leonardo di Bona Nazionale"]
[Site "Cutro ITA"]
[Date "2006.04.27"]
[Round "5"]
[White "Rizzuti, Pasquale"]
[Black "Levato, Biagio"]
[Result "1-0"]
[WhiteElo "1847"]
[BlackElo "1510"]
[PlyCount "71"]
[EventDate "2006.04.23"]

1.Nf3 Nf6 2.d4 g6 3.g3 Bg7 4.Bg2 d5 5.Bg5 c6 6.Nbd2 Nbd7 7.O-O O-O 8.c4 
dxc4 9.Nxc4 Nb6 10.Nfe5 Be6 11.b3 Nbd5 12.Bd2 Nd7 13.f4 N7b6 14.Ba5 f6 15.
Nf3 Qd7 16.Bd2 Nxc4 17.bxc4 Nb6 18.c5 Nd5 19.e4 Nc7 20.a4 b5 21.axb5 Nxb5 
22.Be3 Rfd8 23.Qd3 Qe8 24.Rfd1 a5 25.Ra4 Qd7 26.Rda1 Qc7 27.Bd2 Bg4 28.
Bxa5 Rxa5 29.Rxa5 Qd7 30.d5 f5 31.e5 Qxd5 32.Qxd5+ Rxd5 33.Ra8+ Bf8 34.Ng5
Nc7 35.Bxd5+ Nxd5 36.Rc8 1-0